| 000 | 00623nam a2200205 a 4500 | ||
|---|---|---|---|
| 001 | 20002 | ||
| 003 | CO-ViMGA | ||
| 008 | 141112s2004 ck r 000 u spa d | ||
| 040 |
_aCO-ViMGA _bspa _cCO-ViMGA |
||
| 082 | 0 | 4 | _a372.89 B646m |
| 100 | 1 |
_aBogotá (Colombia) : Alcaldía Mayor, _929042 |
|
| 245 | 1 | 0 | _aNavegador pedagógico urbano |
| 260 |
_aBogotá : _bAlcaldía, _c1999 |
||
| 300 | _a132 p. + mapa | ||
| 590 | _aForma de adquisición : Premio Mincultura | ||
| 650 | 1 | 4 |
_aBOGOTÁ - DESCRIPCION _929043 |
| 650 | 1 | 4 |
_aBogotá - GUIA TURISTICA Y CULTURAL _929044 |
| 650 | 1 | 4 | _aeducación - COLOMBIA |
| 942 |
_2ddc _cBK |
||
| 999 |
_c29121 _d29121 |
||